Dvě koncepce cesty k privatizaci.
Oddelenie štátu od ekonomickej sféry ako jediná cesta k obnove trhovej ekonomiky. Vznik ideologicky podfarbenej diskusie namiesto skutočnej komercializácie. Metódy, ako uvoľniť iniciatívu podnikov a ako dospieť k účelnému rozdeleniu kapitálovej účasti.
Guardado en:
| Autor principal: | |
|---|---|
| Formato: | Capítulo de libro |
| Lenguaje: | checo |
| Materias: | |
| Etiquetas: |
Sin Etiquetas, Sea el primero en etiquetar este registro!
|
MARC
| LEADER | 00000naa a2200000 4500 | ||
|---|---|---|---|
| 001 | r003474 | ||
| 005 | 20221125081138.6 | ||
| 041 | 0 | |a cze | |
| 044 | |a [CS] | ||
| 245 | 1 | 0 | |a Dvě koncepce cesty k privatizaci. |c S. Stuna |
| 520 | |a Oddelenie štátu od ekonomickej sféry ako jediná cesta k obnove trhovej ekonomiky. Vznik ideologicky podfarbenej diskusie namiesto skutočnej komercializácie. Metódy, ako uvoľniť iniciatívu podnikov a ako dospieť k účelnému rozdeleniu kapitálovej účasti. | ||
| 610 | 2 | 0 | |a privatizácia |
| 610 | 2 | 0 | |a hospodárstvo trhové |
| 610 | 2 | 0 | |a akcie |
| 610 | 2 | 0 | |a podnik |
| 100 | 1 | |a Stuna, S. | |